| 000 | 00623nam a22001937a 4500 | ||
|---|---|---|---|
| 005 | 20251108173139.0 | ||
| 008 | 250721s9999 xx 000 0 ara d | ||
| 020 | _a9953721114 | ||
| 082 | 1 | 4 | _a615.89/رزق |
| 100 | 1 | _aرزق، هيام | |
| 245 | 1 | 0 | _aالعلاج بالأعشاب البرية / |
| 264 | 1 |
_aبيروت : _bدار القلم للطباعة و النشر و التوزيع، |
|
| 300 | _a96ص | ||
| 490 | 0 |
_aالسلسلة الطبية:الدليل الصحي للأسرة _v1 |
|
| 650 | 1 | 7 | _aالطب الشعبي |
| 650 | 1 | 7 | _aالنباتات الطبية |
| 942 |
_2ddc _cBK |
||
| 999 |
_c97124 _d97124 |
||